000 01074nam a22002297a 4500
001 EIF-X-2019-M7-003
003 OSt
005 20230102085232.0
008 230102b |||||||| |||| 00| 0 eng d
040 _aFundación Jesús Pereda
_cFundación Jesús Pereda
041 _aCastellano
100 _uUniversidad Académica Estatal de Ciencias Humanitarias
_aKuzina, Nataliya
_91102
111 _aEncuentro de Investigadores del Franquismo
_c(Valencia.
_d2019.
_n10º)
_9102
245 _aPolítica arquitectónica en la época de Franco y el destino de los monumentos modernistas en el territorio de Cataluña
_c/Nataliya Kuzina y Ekaterina Grantseva
650 0 _9714
_aArquitectura
650 0 _91103
_aModernismo
651 0 _9129
_aCataluña
700 _uInstituto de la Historia Universal de la Academia de Ciencias de Rusia
_aGrantseva, Ekaterina
_91104
773 _tActas del X Encuentro de Investigadores del Franquismo
_g847-859 p.
856 _uhttps://bibliotecaccoocyl.fundacionjesuspereda.es/cgi-bin/koha/opac-retrieve-file.pl?id=840942a3142720b60c6878a97b0a81b8
942 _2ddc
_cCF
_n0
999 _c659
_d659